Statistics for U.S. State Border Groups

Click here to take the quiz!

General Stats

  • This quiz has been taken 42 times
  • The average score is 16 of 20

Answer Stats

HintHintHintHintHintHintAnswer% Correct
PennyslvaniaVermontMassachusettsConnecticutNew JerseyNew York
100%
IdahoSouth DakotaWyomingNorth DakotaMontana
95%
OregonNevadaArizonaCalifornia
92%
North CarolinaGeorgiaSouth Carolina
92%
TexasArkansasMississippiLouisiana
89%
New HampshireMaine
89%
MinnesotaIllinoisIowaMichiganWisconsin
89%
New YorkMassachusettsRhode IslandConnecticut
84%
MichiganPennsylvaniaIndianaWest VirginiaKentuckyOhio
84%
AlabamaGeorgiaFlorida
81%
NebraskaMissouriOklahomaColoradoKansas
81%
New YorkNew HampshireMassachusettsVermont
81%
OregonIdahoWashington
81%
IowaSouth DakotaColoradoWyomingKansasMissouriNebraska
78%
ArizonaOklahomaTexasUtahColoradoNew Mexico
78%
MissouriTexasLouisianaOklahomaTennesseeMississippiArkansas
73%
KentuckyNorth CarolinaTennesseeMarylandWest VirginiaVirginia
73%
DelawareNew YorkPennsylvaniaNew Jersey
70%
New JerseyMarylandPennsylvaniaDelaware
68%
ArizonaColoradoIdahoNevadaWyomingNew MexicoUtah
68%

Score Distribution

Percentile by Number Answered

Percent of People with Each Score

Your Score History

You have not taken this quiz